| 000 | 01219nac a22002651i 4500 | ||
|---|---|---|---|
| 003 | EG-ScBUE | ||
| 005 | 20230814110843.0 | ||
| 008 | 121118s1982 le f b 000 0 ara d | ||
| 040 |
_aEG-ScBUE _bara _erda _cEG-ScBUE _dEG-ScBUE |
||
| 082 | 0 | 4 |
_a909 _bأ و ر _222 |
| 100 | 1 |
_aأوروسيوس، بول، _d375 أو 380-، _eمؤلف. _931339 |
|
| 245 | 1 | 0 |
_aتاريخ العالم : _bالترجمة العربية القديمة (منتصف القرن الرابع الهجري) / _cحققها وقدم لها د. عبد الرحمن بدوي. |
| 246 | 3 | 5 | _aHistoriarum contra paganos |
| 264 | 1 |
_aبيروت : _bالمؤسسة العربية للدراسات والنشر، _c1982. |
|
| 300 |
_a503 صفحة ؛ _c24 سم |
||
| 336 |
_2rdacontent _aنص _btxt |
||
| 337 |
_2rdamedia _aبدون وسيط _bn |
||
| 338 |
_2rdacarrier _aمجلد _bnc |
||
| 504 | _aيشتمل على إرجاعات ببليوجرافية. | ||
| 546 | _aالنص باللغة العربية، وترجمته من اللغة اللاتينية. | ||
| 650 | 7 |
_aالعالم _xتاريخ. _2BUEsh _931340 |
|
| 655 | _vReading book | ||
| 700 | 1 |
_aبدوي، عبد الرحمن، _eمحقق، _eمقدم. _922188 |
|
| 942 |
_cBB _k909 أ و ر _2ddc |
||
| 999 |
_c5587 _d5587 |
||